01267nam a2200289 i 4500001000700000003000900007005001700016007000300033008004100036080001800077080001300095100002700108245010700135250001200242260005800254300010300312490005900415546006000474594005300534650003500587650003900622700003000661830006700691852007700758999001900835952012300854170470ES-MaACL20250804043928.0t|090306s1968 mx ||||1| spa d a871-96"01"=00 a807.1-881 aApuleyo, Lucio.92213110aTratados filosóficos / cApuleyo ; introducción, versión española y notas de Antonio Camarero. a1ª ed. aMéxico : bUniversidad Nacional Autónoma, c1968. aLIV, 23 p. dupl., LIX-LXXIII, 24-86 p. dupl., LXXIX-LXXXVIII, 87-123 dupl., XCI-CXLV p. ; c21 cm.1 aBibliotheca Scriptorum Graecorum et Romanorum Mexicana aTexto paralelo en latín y castellano; en las p. dupl. aPrecede al tít.: Apuleii de philosophia libri.04aLengua latina-vTextos.914307 7aFilosofía antigua2embne91387240 aCamarero, Antonio.9340030 aBibliotheca Scriptorum Graecorum et Romanorum Mexicana91918874 aES-MaACLjE-12491 9R.140096 z. - Biblioteca Jacinto Martínez Lacalle c170470d170470 00104070aATENEOMbATENEOMcDEPO2d2009-03-06eDONl0oE-12491p1178921r2023-02-23 00:00:00w2023-02-23yMONOGRAFIA